000 00586cam a2200181 a 4500
020 _a9781422125892 (alk. paper)
040 _cDLC
082 0 0 _a658 HAR 2012 A113 Or.
100 1 _aDoz, Yves L.
245 1 0 _aManaging global innovation :
_bframeworks for integrating capabilities around the world /
260 _aBoston, Mass. :
_bHarvard Business Review Press,
_cc2012.
300 _axxii, 249 p. ;
_c25 cm.
650 0 _aTechnological innovations
650 0 _aDiffusion of innovations
650 0 _aInternational business enterprises
700 1 _aWilson, Keeley.
942 _cEK
999 _c17394
_d17394